Quiz Les suffixes internet pays et autres... (1) - Statistiques

Statistiques générales
  • Ce quiz a été pris 23 fois
  • Le résultat moyen est 9 sur 25
Statistiques - réponses
Question Réponse % Correct
L'Arménie a pour suffixe .am
100%
.club est un suffixe réservé aux aux associations et aux clubs
100%
Le suffixe de la Chine est .cn
100%
.ci est le suffixe de la Côte-d'ivoire
100%
Les Emirats Arabes Unis ont comme suffixe... .ae
50%
Le suffixe réservé à l'Antarctique est .aq
50%
.au est le suffixe de l' Australie
50%
.dm est le suffixe de la Dominique
50%
.cs était le suffixe de la Tchécoslovaquie
50%
.bi est le suffixe du Burundi
50%
.eus est un suffixe réservé aux sites en basque
50%
.bzh est le suffixe des sites en rapport ave la Bretagne
50%
.cat est une extension réservée aux sites catalans
50%
L'Angola a pour suffixe... .ao
0%
.ac est le suffixe de Ascension
0%
.academy est un suffixe réservé aux étrablissement scolaires privés
0%
Saint-Barthélémy a pour suffixe... .bl
0%
La République Démocratique du Congo a pour extension .cd
0%
il existe un suffixe enregistré appelé .christmas
0%
il existe un suffixe .coffee
0%
.gov est réservé aux sites du gouvernement américain
0%
.ba est le suffixe de la Bosnie-Herzégovine
0%
.abc est le suffixe utilisé par Le groupe Disney
0%
Le suffixe actuel de la Birmanie est .mm
0%
La Serbie a pour suffixe .rs
0%
Aucun quiz correspondant
Distribution des résultats
% des personnes avec chaque résultat
Percentile par nombre de réponses
Votre historique - résultats
Vous n’avez pas pris ce quiz